1242 1938 1155 1317 1717 1533 1402 1428 1999 1124 1507 1278 1821 1728 1870 1906 1185 1421 1086 1412 1230 1605 1338 1383 1351 1374 1739 1147 1124 1621 1832 1106 1369 1357 1265 1259 1714 1127 1897 1387 1016 1105 1414 1315 1129 1533 1462 1977 1167 1287 1102 1928 1411 1867 1564 1554 1015 1336 1913 1968 1587 1002 1140 1882 1312 1740 1716 1229 1721 1434 1349 1867 1648 1794 1855 1602 1263 1491 1584 1711 1542 1310 1117 1385 1635 1123 1807 1349 1193 1014 1906 1489 1221 1571 1352 1701 1732 1152 1550 BCNSPRNW ULIB Ver.6.0+V

เปลี่ยนเป็นภาษาไทย

Change to English
 แสดงรายละเอียดบรรณานุกรม
  กลับหน้าหลัก

Brief Record : Get Marc (ISO 2709) : E-mail record : QR code < ปิดหน้าต่าง
LEADER : 00000nam 22003134a 4500
001    13399114522
003     ULIB
008    100204s2010 us a b 001 0 eng d
020    ^a9780763736248 (pbk.)
060 04 ^aWT115^bB531n
100 1  ^aBernstein, Melissa
245 10 ^aNutrition for the older adult /^cMelissa Bernstein, Ann
260    ^aSudbury, Mass. :^bJones and Bartlett Publishers,^cc2010
300    ^axi, 422 p. :^bill. ;^c26 cm.
500    ^aSend to Single Search
504    ^aIncludes bibliographical references and index
650  0 ^aOlder people^xNutrition
650  0 ^aDiet therapy for older people
650  2 ^aNutritional Physiological Phenomena
650  2 ^aAged
700 1  ^aLuggen, Ann Schmidt
945    ^p0^l0^i031630
995    ^a Kesorn
999 ^a ใช้งานได้ทุกระบบ
รายการนี้ยังไม่มีแท็ก
คุณยังไม่ได้ล็อกอิน คุณสามารถมีกิจกรรมร่วมกับเว็บไซต์ได้ แต่ต้องล็อกอินก่อน ::
  ล็อกอิน

รายการสื่อสารสนเทศ

ลำดับที่ ประเภท เลขเรียก/บาร์โค้ด สถานที่ สถานะ
- ไม่พบข้อมูล -

รายการใกล้เคียง
    หัวเรื่อง [Nutritional Physiological Phenomena]
    หัวเรื่อง [Aged]

BibComment


ยังไม่เคยถูกคอมเมนท์

คอมเมนท์ทรัพยากรรายการนี้
  คอมเมนท์: Nutrition for th..


 Copyright 2026. Bcnsprnw @Library